00526nam a22001697a 450000500170000001000150001702000260003203500130005803700130007108200110008410000200009524500950011526000330021027000700024330000240031350000190033720150622164252.0 aENG-112993 a9789382420194c695.00 aEN-96525 bDBAD/PUB a954.09 aDasgupta, Arjun aMethodology of Indian historical writings in modern India (1850-1975) /cby Arjun Dasgupta bKunal Booksc2013aNew Delhi b New Delhie110002a4648/21, First Floor, Ansari Road, Daryaganj, axvi,188p.c23cm(Hb) aIncludes index